UM Logo

Muslim rulers and rebels: (Record no. 15848)

MARC details
000 -LEADER
fixed length control field 00682nam a22001697a 4500
008 - FIXED-LENGTH DATA ELEMENTS--GENERAL INFORMATION
fixed length control field 201216b ||||| |||| 00| 0 eng d
020 ## - INTERNATIONAL STANDARD BOOK NUMBER
International Standard Book Number 9-71270980-9 (pbk)
082 ## - DEWEY DECIMAL CLASSIFICATION NUMBER
Edition number 1998
Classification number DFil 959.97
Item number M19
100 ## - MAIN ENTRY--PERSONAL NAME
Personal name McKenna, Thomas M.
9 (RLIN) 42689
245 ## - TITLE STATEMENT
Title Muslim rulers and rebels:
Remainder of title every politics and armed separatism in the Southern Philippines/
Statement of responsibility, etc. Thomas M. McKenna
260 ## - PUBLICATION, DISTRIBUTION, ETC. (IMPRINT)
Place of publication, distribution, etc. Manila:
Name of publisher, distributor, etc. Anvil Pub.,
Date of publication, distribution, etc. ©1998.
300 ## - PHYSICAL DESCRIPTION
Extent xv, 364 pages:
Other physical details illustrations;
Dimensions 23 cm.
500 ## - GENERAL NOTE
General note Includes bibliographical references and index.
650 ## - SUBJECT ADDED ENTRY--TOPICAL TERM
Topical term or geographic name as entry element Philippines, Southern -- Politics and government.
9 (RLIN) 42690
650 ## - SUBJECT ADDED ENTRY--TOPICAL TERM
Topical term or geographic name as entry element Mindanao -- Politics and government.
9 (RLIN) 42691
942 ## - ADDED ENTRY ELEMENTS (KOHA)
Source of classification or shelving scheme Dewey Decimal Classification
Koha item type Filipiniana
Holdings
Withdrawn status Lost status Source of classification or shelving scheme Damaged status Not for loan Collection code Home library Current library Date acquired Source of acquisition Total Checkouts Full call number Barcode Date last seen Price effective from Koha item type
    Dewey Decimal Classification     Filipiniana UM Digos College - LIC UM Digos College - LIC 10/03/2003 Purchased   DFil 959.97 M19 1998 16058 05/15/2025 12/16/2020 Filipiniana